1560 1422 1301 1668 1017 1641 1838 1389 1494 1435 1838 1205 1729 1959 1172 1875 1057 1327 1293 1034 1388 1849 1506 1191 1600 1098 1942 1831 1869 1321 1991 1772 1492 1407 1095 1096 1116 1709 1181 1623 1527 1220 1025 1137 1840 1935 1655 1879 1806 1933 1728 1384 1973 1467 1993 1937 1812 1988 1207 1731 1584 1877 1371 1387 1040 1077 1348 1612 1554 1475 1169 1066 1568 1819 1178 1821 1215 1002 1452 1763 1709 1261 1302 1377 1953 1402 1264 1103 1522 1607 1472 1462 1125 1273 1854 1070 1878 1619 1204 BCNSPRNW ULIB Ver.6.0+V

เปลี่ยนเป็นภาษาไทย

Change to English
 แสดงรายละเอียดบรรณานุกรม
  กลับหน้าหลัก

Brief Record : Get Marc (ISO 2709) : E-mail record : QR code < ปิดหน้าต่าง
LEADER : 00000nam 2200000uu 4500
001    13399107996
003     ULIB
008    110214s2543||||th 000 0 tha d
020    9746769898
060  4 WW260^bภ387ต 2543
100 0  ภารดี นานาศิลป์
245 00 ต้อกระจก:การดูแล/^cภารดี นานาศิลป์
250    พิมพ์ครั้งที่1
260    ขอนแก่น:^bคลังนานาวิทยา,^c2543
650  7 ต้อกระจก
650  7 ตา^xการดูแลและสุขวิทยา
710 2  มหาวิทยาลัยขอนแก่น.^bคณะแพทย์ศาสตร์.^bภาควิชาการพยาบาลอายุรศาสตร์.
945    ^p100^l0^i015634
945    ^p100^l0^i015113
945    ^p100^l0^i015112
995    ทศพร
999 ^a ใช้งานได้ทุกระบบ
รายการนี้ยังไม่มีแท็ก
คุณยังไม่ได้ล็อกอิน คุณสามารถมีกิจกรรมร่วมกับเว็บไซต์ได้ แต่ต้องล็อกอินก่อน ::
  ล็อกอิน

รายการสื่อสารสนเทศ

ลำดับที่ ประเภท เลขเรียก/บาร์โค้ด สถานที่ สถานะ
- ไม่พบข้อมูล -

รายการใกล้เคียง
    หัวเรื่อง [ต้อกระจก]

BibComment


ยังไม่เคยถูกคอมเมนท์

คอมเมนท์ทรัพยากรรายการนี้
  คอมเมนท์: ต้อกระจกการดูแล ภ..


 Copyright 2026. Bcnsprnw @Library